A survey of verb forms in the Eastern United States
Saved in:
| Hovedforfatter: | |
|---|---|
| Format: | Bog |
| Sprog: | engelsk |
| Udgivet: |
Ann Arbor
The University of Michigan Press
1953
|
| Fag: | |
| Tags: |
Tilføj Tag
Ingen Tags, Vær først til at tagge denne postø!
|
MARC
| LEADER | 00000nam a2200000 a 4500 | ||
|---|---|---|---|
| 001 | UCX1289 | ||
| 003 | CL-VaPUC | ||
| 008 | 900713e19530000US |||||||||||||||||eng|d | ||
| 082 | 0 | 4 | |a 425 |b ATW |2 21 |
| 100 | 0 | |a Atwood, E. Bagby |e author |9 316748 | |
| 245 | 1 | 2 | |a A survey of verb forms in the Eastern United States |
| 300 | |a 53 p | ||
| 942 | |c BK | ||
| 945 | |d 19900713 00:00:00 | ||
| 260 | |a Ann Arbor |b The University of Michigan Press |c 1953 | ||
| 650 | 0 | |a Verbos |x Gramática |9 316693 | |
| 650 | 7 | |a INGLES GRAMATICA |2 CL-VaPUC |9 313180 | |
| 650 | 0 | |a Inglés |x Verbos |9 313581 | |
| 651 | 0 | |a Estados Unidos |9 255178 | |
| 583 | |a last modification |c 20120704 12:07:01 |k Rodrigo Vera | ||
| 999 | |c 222557 |d 222555 | ||
| 952 | |0 0 |1 0 |4 0 |6 425_000000000000000_ATW_1953 |7 0 |8 A |9 217496 |a FDOPOS |b FDOPOS |d 2019-11-15 |i 2864134 |o 425 ATW 1953 |p 2864134 |r 2025-01-22 |w 2019-11-15 |y BK |k MLA | ||